Classifica Pallone d'Oro FIFA 2015 - Statistics

Statistiche generali
  • Questo quiz è stato fatto 122 volte
  • Il punteggio medio è 22 su 23
Statistiche sulle risposte
Voti Nazione Squadra Calciatore % Corretto
27,76 % Portogallo Real Madrid Cristiano Ronaldo
100%
41,33 % Argentina Barcellona Lionel Messi
100%
3,38 % Uruguay Barcellona Luis Suárez
100%
7,86 % Brasile Barcellona Neymar
100%
4,17 % Polonia Bayern Monaco Robert Lewandowski
99%
1,13 % Svezia Paris Saint-Germain Zlatan Ibrahimović
98%
1,18 % Cile Arsenal Alexis Sánchez
97%
0,58 % Cile Juventus / Bayern Monaco Arturo Vidal
97%
1,33 % Belgio Chelsea Eden Hazard
97%
0,65 % Galles Real Madrid Gareth Bale
97%
0,86 % Argentina Manchester City Sergio Agüero
97%
0,47 % Belgio Wolfsburg / Manchester City Kevin De Bruyne
96%
0,2931 % Germania Real Madrid Toni Kroos
96%
1,24 % Spagna Barcellona Andrés Iniesta
95%
0,72 % Francia Juventus Paul Pogba
94%
0,45 % Colobmia Real Madrid James Rodriguez
91%
0,40 % Francia Real Madrid Karim Benzema
91%
2,21 % Germania Bayern Monaco Thomas Müller
90%
0,89 % Costa d'Avorio Manchester City Yaya Touré
90%
1,97 % Germania Bayern Monaco Manuel Neuer
89%
0,2930 % Paesi Bassi Bayern Monaco Arjen Robben
88%
0,05 % Svizzera / Croazia Barcellona Ivan Rakitić
86%
0,79 % Argentina Barcellona Javier Mascherano
82%
Nessun quiz corrispondente trovato
Distribuzione punteggi
Percentuale di utenti per punteggio
Percentile per numero di risposta
I tuoi punteggi nel tempo
Non hai fatto questo quiz